ENGLISH FOR CHILDREN EVERYDAY THINGS Everyday things/ vật dụng hằng ngày

Đã lưu trong:
Bibliografiske detaljer
Hovedforfatter: THANH HƯƠNG
Format: Bog
Sprog:English
Udgivet: TP.HCM 2010
Fag:
Tags: Tilføj Tag
Ingen Tags, Vær først til at tagge denne postø!
Thư viện lưu trữ: Mạng thư viện Đại học Đà Nẵng
LEADER 00919nam a22002411a 4500
001 000034370
003 10562
005 20151027132118.0
008 151027s2010 000 eng
041 |a eng 
082 |a 420.83  |b TH-H  |2 Everyday things/ vật dụng hằng ngày 
100 |a THANH HƯƠNG 
245 |a ENGLISH FOR CHILDREN EVERYDAY THINGS  |c THANH HƯƠNG  |n Everyday things/ vật dụng hằng ngày 
260 |a TP.HCM  |c 2010 
650 |a ENGLISH FOR CHILDREN EVERYDAY THINGS,CHILDREN , EVERYDAY THINGS 
OWN |a LNN 
AVA |a UDN50  |b LNN  |d 420.83 TH-H  |e available  |t Error 5001 Not defined in file expand_doc_bib_avail.  |f 5  |g 0  |h N  |i 0  |k 1 
999 |a From the UDN01 
AVA |a UDN50  |b LNN  |d 420.83 TH-H  |e available  |t Error 5001 Not defined in file expand_doc_bib_avail.  |f 5  |g 0  |h N  |i 0  |k 1 
TYP |a Monograph 
980 |a Mạng thư viện Đại học Đà Nẵng